000 00488nam a22001937a 4500
003 OSt
005 20231012132030.0
008 231012b |||||||| |||| 00| 0 eng d
020 _a9781119633181
040 _cDDC.
082 _a692.5 LEE 2020.
100 _aLee,sandra;
_916751
245 _aWillis"s Elements of Quality Surveying;
250 _a13th ed.
300 _a320p;
_bill.
_c24cm.
504 _aincludes index.
650 _aQuantity Surveying.
_916752
942 _2ddc
_cB_BANK
999 _c8211
_d8211